000 00560nam a2200193Ia 4500
999 _c34011
_d34011
003 OSt
005 20201109103229.0
008 190216s9999||||xx |||||||||||||| ||und||
020 _a0120598760
040 _coclc
082 _a530.15
_bARF/M
100 _aArfken, George B
_94319
245 0 _aMathematical Methods For Physicists /
_cGeorge B Arfken ; Hans J Weber
250 _a6th Ed.
260 _bAcademic Publishers,
_c2005.
_aLondon:
300 _a1153p
650 _aPhysics
942 _cBK
_2ddc
_h530.15
_iARF/M
_k530.15
_mARF/M